Etiqueta de registo: 00000nkm 2200025 450
001 2272561
003 http://id.bnportugal.gov.pt/bib/catbnp/2272561
100 ## $a20260226d1988 m y0pory01030103ba
101 0# $apor
102 ## $aPT
200 1# $aPerícia Região de Turismo de S. Mamere (Finalíssima), 5 de outubro$bVisual gráfico]$fRotary Clube de São Mamede$gdesign: Leite Rio
210 #9 $aElvas$cRotary Clube de São Mamede,$d1988$ePortalegre:$gIngrapol)
215 ## $a1 cartaz$ccolor.$d47x30 cm
317 ## $aColeção Madeira Luís
702 #1 $aRio,$bL. Leite$4440$3718538
710 02 $aRotary Clube de São Mamede$31987697
801 #0 $aPT$bBN$gRPC
966 ## $lBN$mICONOG$sCT. 15064 V.$x3
971 ## $cCatmusica8$d20260226
995 ## $aPRR2026